Top 20 Southernmost Countries - Statistics

General Stats
  • This quiz has been taken 86 times
  • The average score is 17 of 20
Answer Stats
Latitude Country % Correct
34.82º S South Africa
100%
55.11º S Australia
99%
56.54º S Chile
99%
54.05º S Argentina
97%
52.62º S New Zealand
97%
35.03º S Uruguay
93%
33.73º S Brazil
91%
30.32º S Lesotho
89%
22.90º S Bolivia
88%
22.42º S Zimbabwe
88%
27.43º S Paraguay
87%
21.74º S Fiji
84%
25.60º S Madagascar
84%
28.75º S Namibia
82%
26.86º S Mozambique
80%
27.31º S Swaziland
80%
22.33º S Tonga
79%
26.90º S Botswana
75%
20.25º S Vanuatu
72%
20.52º S Mauritius
58%
No matching quizzes found
Score Distribution
Percent of People with Each Score
Percentile by Number Answered
Your Score History
You have not taken this quiz